The Killian Pretty Review (Record no. 108969)

MARC details
000 -LEADER
fixed length control field 04068cam a22004095a 4500
001 - CONTROL NUMBER
control field L145932
008 - FIXED-LENGTH DATA ELEMENTS--GENERAL INFORMATION
fixed length control field 081124e20081124xxkd f s f000 0 eng d
020 ## - INTERNATIONAL STANDARD BOOK NUMBER
International Standard Book Number 9781409807599
035 ## - SYSTEM CONTROL NUMBER
System control number (Sirsi) u145932
041 0# - LANGUAGE CODE
Language code of text/sound track or separate title eng
050 04 - LIBRARY OF CONGRESS CALL NUMBER
Classification number 711.1 $2 18
100 1# - MAIN ENTRY--PERSONAL NAME
Personal name Killian, Joanna
245 04 - TITLE STATEMENT
Title The Killian Pretty Review
Remainder of title planning applications - a faster and more responsive system
260 ## - PUBLICATION, DISTRIBUTION, ETC.
Place of publication, distribution, etc. London
Name of publisher, distributor, etc. DCLG
Date of publication, distribution, etc. 2008
505 2# - FORMATTED CONTENTS NOTE
Formatted contents note Executive summary: our purpose; the key areas of concern with the current process; developing solutions to address the concerns; how our recommended solutions will make the system work better for everyone; making the process more proportionate; making the process more effective; improving engagement; achieving changes in culture; tackling complexity; overall impacts
505 2# - FORMATTED CONTENTS NOTE
Formatted contents note Making the process more proportionate: reducing the number of developments that require full planning permission; expanding the scope of permitted development; encouraging the use of Local Development Orders; an intermediate form of approval process; simplifying information requirements; improving information for users of the system
505 2# - FORMATTED CONTENTS NOTE
Formatted contents note Making the process more effective: making best use of pre-application discussions; improving the pre-application stage; other important issues for the pre-application stage; improving the way applications are handled once submitted; facilitating consultation electronically; improving the way applications are processed; improving the use of planning conditions; cutting the delays with planning obligations; minor amendments to planning permissions; planning appeals
505 2# - FORMATTED CONTENTS NOTE
Formatted contents note Improving engagement: local planning authorities are required to involve a wide range of organisations in the planning application process; who are the consultees?; the role of consultees in the process then needs to be clarified; problems with over-consultation; providing a better response; accountability for advice
505 2# - FORMATTED CONTENTS NOTE
Formatted contents note Council members need more clarity over their role: training for elected members; delegation of decision-making; for larger and/or more controversial developments, council members need to be involved at pre-application stage -- We need to ensure developments meet the needs of the whole community: better engagement of the community as a whole; local planning authorities should be free to make their own decisions about how best to reach their community; an alternative way to solve disputes -- Achieving changes in culture: improving the quality of applications; resources and skills; incentivising an improved approach to applications -- Tackling complexity
520 ## - SUMMARY, ETC.
Summary, etc. Review offers a detailed review of the process for seeking planning permission. It looks at case studies for a range of different sectors including, housing, business and the renewables industry. Aims to identify reasons for delay in deciding planning applications, and makes recommendations for dealing with these and reducing unnecessary burdens for all parties involved in the process. The review has been jointly commissioned by Communities and Local Government and Business, Enterprise and Regulatory Reform Departments.
520 ## - SUMMARY, ETC.
Summary, etc. See also the 'Call for solutions' for the Killian Pretty Review (L144243).
521 ## - TARGET AUDIENCE NOTE
Target audience note Advanced
590 ## - LOCAL NOTE (RLIN)
Local note KA NTK
650 24 - SUBJECT ADDED ENTRY--TOPICAL TERM
Topical term or geographic name entry element KILLIAN PRETTY REVIEW
650 24 - SUBJECT ADDED ENTRY--TOPICAL TERM
Topical term or geographic name entry element BARKER REVIEW OF LAND USE PLANNING
650 24 - SUBJECT ADDED ENTRY--TOPICAL TERM
Topical term or geographic name entry element PLANNING AND COMPULSORY PURCHASE ACT 2004
650 24 - SUBJECT ADDED ENTRY--TOPICAL TERM
Topical term or geographic name entry element TOWN AND COUNTRY PLANNING ACT 1990
650 24 - SUBJECT ADDED ENTRY--TOPICAL TERM
Topical term or geographic name entry element LOCAL DEVELOPMENT FRAMEWORKS
650 24 - SUBJECT ADDED ENTRY--TOPICAL TERM
Topical term or geographic name entry element PLANNING POLICY STATEMENT 1 (DELIVERING SUSTAINABLE DEVELOPMENT)
650 24 - SUBJECT ADDED ENTRY--TOPICAL TERM
Topical term or geographic name entry element PLANNING POLICY STATEMENT 12
650 24 - SUBJECT ADDED ENTRY--TOPICAL TERM
Topical term or geographic name entry element NOLAN REPORT
651 #4 - SUBJECT ADDED ENTRY--GEOGRAPHIC NAME
Geographic name England and Wales
Chronological subdivision 1543-
690 ## - LOCAL SUBJECT ADDED ENTRY--TOPICAL TERM (OCLC, RLIN)
Topical term or geographic name as entry element ENVIRONMENTAL AND LAND CONSULTANCY-PLANNING AND DEVELOPMENT-DEVELOPMENT CONTROL
700 1# - ADDED ENTRY--PERSONAL NAME
Personal name Pretty, David
856 40 - ELECTRONIC LOCATION AND ACCESS
Uniform Resource Identifier <a href="https://www.planningportal.gov.uk/england/professionals/en/1115315772911.html">https://www.planningportal.gov.uk/england/professionals/en/1115315772911.html</a>
Public note View the item free of charge online at www.planningportal.gov.uk...
942 ## - ADDED ENTRY ELEMENTS (KOHA)
Suppress in OPAC 0
Holdings
Withdrawn status Lost status Source of classification or shelving scheme Damaged status Not for loan Home library Current library Shelving location Date acquired Total Checkouts Full call number Barcode Date last seen Copy number Price effective from Koha item type
    Dewey Decimal Classification     Virtual Virtual Online 24/11/2008   ONLINE PUBLICATION 145932-2001 06/08/2019 1 06/08/2019 Book